Luận cứ khoa học và một số giải pháp xây dựng đội ngũ cán bộ lãnh đạo phương hiện nay

Nội dung sách giới thiệu về lý luận đội ngũ cán bộ lãnh đạo phường và công tác xây dựng đội ngũ cán bộ, cơ sở thực tiễn của việc xây dựng đội ngũ cán bộ lãnh đạo phường.

Gardado en:
Detalles Bibliográficos
Autor Principal: Nguyễn, Duy Hùng
Formato: Libro
Idioma:Undetermined
Publicado: Hà Nội Chính trị Quốc gia 2008
Những chủ đề:
Các nhãn: Engadir etiqueta
Sen Etiquetas, Sexa o primeiro en etiquetar este rexistro!
Thư viện lưu trữ: Trung tâm Học liệu Trường Đại học Cần Thơ
LEADER 01053nam a2200205Ia 4500
001 CTU_143456
008 210402s9999 xx 000 0 und d
020 |c 20000 
082 |a 352.66 
082 |b H513 
100 |a Nguyễn, Duy Hùng 
245 0 |a Luận cứ khoa học và một số giải pháp xây dựng đội ngũ cán bộ lãnh đạo phương hiện nay 
245 0 |c Nguyễn Duy Hùng (Chủ biên) 
260 |a Hà Nội 
260 |b Chính trị Quốc gia 
260 |c 2008 
520 |a Nội dung sách giới thiệu về lý luận đội ngũ cán bộ lãnh đạo phường và công tác xây dựng đội ngũ cán bộ, cơ sở thực tiễn của việc xây dựng đội ngũ cán bộ lãnh đạo phường. 
650 |a Public administration,Personnel management,Public officers,Hành chính công,Quản trị nhân sự 
904 |i Tuyến 
980 |a Trung tâm Học liệu Trường Đại học Cần Thơ